Dieux,Créatures ou Héros de la Mythologie Grecque - Statistiques

Statistiques générales
  • Ce quiz a été pris 873 fois
  • Le résultat moyen est 7 sur 10
Statistiques - réponses
Description Dieu,Créature ou Héros % Correct
Déesse de la sagesse,de la stratégie militaire,des artisans,des artistes et des maîtres d'école. Athéna
96%
Déesse de la chasse,protectrice des animaux et des lieux sauvages. Artémis
89%
Donneur de la chance,inventeur des poids et des mesures,gardien des routes et carrefours,il est le Dieu des voyageurs,des bergers,des commerçants,des voleurs et des orateurs. Hermès
89%
Il est connu pour ses célèbres Douze Travaux. (Mettre le nom grec) Héraclès
88%
Titan condamné par Zeus à porter sur la voûte céleste en permanence. Atlas
81%
Déesse du foyer,de la famille,du ménage,du feu Sacré et de la Vie Domestique. Hestia
80%
Dieu du Soleil personnifié,souvent représenté avec une couronne rayonnante et chevauchant un char à travers le ciel. Hélios
65%
Cyclope,fils de Poséidon et de la nymphe Thoôsa. Polyphème
50%
Nymphe transformée en monstre marin par Circé. Scylla
43%
Déesse de la Jeunesse,fille de Zeus et d'Héra. Hébé
34%
Aucun quiz correspondant
Distribution des résultats
% des personnes avec chaque résultat
Percentile par nombre de réponses
Votre historique - résultats
Vous n’avez pas pris ce quiz